书目信息 |
| 题名: |
人民的英国史
|
|
| 作者: | 阿·莱·莫尔顿 著 ;谢琏造 , 李稼年 , 黎世清 , 瞿菊农 译 | |
| 分册: | 上册 | |
| 出版信息: | 上海 生活·读书·新知三联书店 1976.6 |
|
| 页数: | 435页 | |
| 开本: | 20cm | |
| 丛书名: | ||
| 单 册: | ||
| 中图分类: | K561.0 | |
| 科图分类: | ||
| 主题词: | 西欧--历史 | |
| 电子资源: | ||
| ISBN: | ||
| 000 | 00760nam0 2200253 45 | |
| 001 | 0211251652 | |
| 005 | 20060725173334.31 | |
| 010 | @dCNY2.25 | |
| 091 | @a11002.467 | |
| 100 | @a20021125d1976 km y0chiy0120 ea | |
| 101 | 0 | @achi |
| 200 | 1 | @a人民的英国史@h上册@ARen Min De Ying Guo Shi@f(英)阿·莱·莫尔顿著@F(Ying)A·Lai·Mo Er Dun Zhu@g谢琏造等译 |
| 210 | @a上海@c生活·读书·新知三联书店@d1976.6 | |
| 215 | @a435页@d20cm | |
| 300 | @a内部参考 | |
| 606 | 0 | @a西欧@x历史 |
| 690 | @aK561.0@v1 | |
| 701 | 0 | @a阿·莱·莫尔顿@4著 |
| 702 | 0 | @a谢琏造@AXie Lian Zao@4译 |
| 702 | 0 | @a李稼年@4译@ALi Jia Nian |
| 702 | 0 | @a黎世清@4译@ALi Shi Qing |
| 702 | 0 | @a瞿菊农@4译@AQu Ju Nong |
| 801 | @aCN@bTSTC@c20060725 | |
| 905 | @f1@b228438@dK561.0@e16:1 | |
| 人民的英国史.上册/(英)阿·莱·莫尔顿著/谢琏造等译.-上海:生活·读书·新知三联书店,1976.6 |
| 435页;20cm |
| 内部参考 |
| ISBN :CNY2.25 |
| ● |
| 相关链接 |
|
|
|
|
正题名:人民的英国史
索取号:K561.0/16:1
 
预约/预借
| 序号 | 登录号 | 条形码 | 馆藏地/架位号 | 状态 | 备注 |
| 1 | 0228438 | 001629606 | 第二样本阅览室/ [索取号:K561.0/16:1] | 在馆 | |
| 2 | 0436283 | 204362830 | 密集书库/ [索取号:K561.0/16:1] | 在馆 | |
| 3 | 0436284 | 204362849 | 密集书库/ [索取号:K561.0/16:1] | 在馆 |